Democracia emergente en Centroamérica El Salvador y Guatemala

Bewaard in:
Bibliografische gegevens
Hoofdauteur: Sol Arriaza, Ricardo
Coauteur: FLACSO
Formaat: Texto
Gepubliceerd in: San José: FLACSO
Tags: Voeg label toe
Geen labels, Wees de eerste die dit record labelt!

MARC

LEADER 00000 a a2200000 04500
001 25581
003
040
090 |a 171602  
100 |a Sol Arriaza, Ricardo  
110 |a FLACSO  
245 |a Democracia emergente en Centroamérica El Salvador y Guatemala  
260 |a San José:   |b FLACSO  
300 |b **no definido**  
999 |c 15642  |d 15642